To the rescue: say no to curruption (Record no. 36589)

MARC details
000 -LEADER
fixed length control field 00389nam a2200169Ia 4500
020 ## - INTERNATIONAL STANDARD BOOK NUMBER
ISBN 9781491839485
050 ## - CALL MARK
Classification number PR 9387 .D33/
100 ## - STATEMENT OF RESPONSIBILITY--MAIN AUTHOR NAME
Personal name Dada, A.D.
245 #0 - TITLE STATEMENT
Title To the rescue: say no to curruption
260 ## - PUBLICATION, DISTRIBUTION, ETC. (IMPRINT)
Place of publication America
260 ## - PUBLICATION, DISTRIBUTION, ETC. (IMPRINT)
Name of publisher uthorHouse
260 ## - PUBLICATION, DISTRIBUTION, ETC. (IMPRINT)
Year of publication 2014
300 ## - PHYSICAL DESCRIPTION
Number of Pages 176 p
942 ## - ADDED ENTRY ELEMENTS (KOHA)
Koha item type Books
Holdings
Withdrawn status Lost status Source of classification or shelving scheme Damaged status Not for loan Permanent Location Current Location Shelving location Date acquired Accession Number Price effective from Koha item type
    Library of Congress Classification     NILE UNIVERSITY OF NIGERIA - MAIN LIBRARY NILE UNIVERSITY OF NIGERIA - MAIN LIBRARY Items on shelf 04/23/2025 0184269 04/23/2025 Books